[Event "II liga SSCS 2015- zapad"]
[Site "Ravni Gaj"]
[Date "2015.10.09"]
[Round "8.5"]
[White "Rikalovic, Dimitrije"]
[Black "Markovic, Aleksandar"]
[Result "0-1"]
[WhiteElo "1996"]
[BlackElo "2200"]
[PlyCount "116"]
[EventDate "2015.09.04"]

1. c4 c5 2. Nc3 Nc6 3. g3 g6 4. Bg2 Bg7 5. Nf3 d6 6. O-O e5 7. d3 Nge7 8. Rb1
O-O 9. a3 a5 10. Bd2 h6 11. Nb5 Be6 12. Bc3 d5 13. cxd5 Nxd5 14. Bd2 b6 15. Ne1
Rc8 16. Nc2 Nd4 17. Nc3 Ne7 18. Na1 f5 19. e3 Ndc6 20. Qe2 Qd7 21. Na4 Rb8 22.
b4 Nxb4 23. axb4 Qxa4 24. bxc5 bxc5 25. Rxb8 Rxb8 26. Qe1 Qa3 27. Bxa5 Qxd3 28.
Qc1 Qb5 29. Bc7 Rc8 30. Bd6 Nd5 31. e4 fxe4 32. Bxe4 Qb6 33. Bxd5 Bxd5 34. Be7
Qe6 35. Rd1 Bf3 36. Rd8+ Rxd8 37. Bxd8 Qd5 38. Bb6 Bh1 39. Qf1 Be4 40. Qc1 Bf5
41. Nc2 Qc4 42. Qe3 Qxc2 43. Bxc5 Qb1+ 44. Kg2 Qe4+ 45. Qxe4 Bxe4+ 46. f3 Bc6
47. Kf2 Kf7 48. Ke3 Ke6 49. Bb4 Kd5 50. Be7 Ke6 51. Bc5 Bf6 52. Bf8 h5 53. Bh6
Bd8 54. Kf2 Bb6+ 55. Kg2 Kd5 56. Bg7 Bd4 57. h4 Kc4 58. Bh6 Kd3 0-1

[Event "II liga SSCS 2015- zapad"]
[Site "Ravni Gaj"]
[Date "2015.10.09"]
[Round "8.5"]
[White "Andjelic, Stevan"]
[Black "Savic, Petar A"]
[Result "1/2-1/2"]
[WhiteElo "2112"]
[BlackElo "2113"]
[PlyCount "98"]
[EventDate "2015.09.04"]

1. e4 c5 2. c3 d5 3. exd5 Qxd5 4. d4 cxd4 5. cxd4 Nc6 6. Nf3 e6 7. Nc3 Bb4 8.
Be2 Nf6 9. O-O Qa5 10. Bd2 O-O 11. a3 Be7 12. b4 Qd8 13. Be3 Nd5 14. Qb3 Nxc3
15. Qxc3 Bf6 16. Ne5 Bd7 17. Rfd1 Rc8 18. Qb2 Ne7 19. Ng4 Nd5 20. Nxf6+ Qxf6
21. Bf3 Qf5 22. Bxd5 Qxd5 23. Rac1 Qe4 24. Qd2 Bc6 25. f3 Qg6 26. Qf2 Ba4 27.
Rxc8 Rxc8 28. Rc1 Rd8 29. Qh4 f6 30. Qe4 Qf7 31. Bf2 Bc6 32. Qe3 a6 33. h3 Re8
34. Bg3 Qh5 35. Rc5 Qg6 36. Kh2 Qf7 37. Qb3 Qd7 38. Qe3 Rd8 39. Bf2 Qd6+ 40.
Kg1 Kf7 41. Qd3 g6 42. Qe3 Kg7 43. Rc1 Re8 44. Rc5 Re7 45. Rc1 e5 46. Re1 e4
47. f4 Bd5 48. Rc1 Kf7 49. Rc5 Rc7 1/2-1/2

[Event "II liga SSCS 2015- zapad"]
[Site "Ravni Gaj"]
[Date "2015.10.09"]
[Round "8.5"]
[White "Rikalovic, Milan"]
[Black "Ivanovic, Zoran B"]
[Result "1/2-1/2"]
[WhiteElo "2045"]
[BlackElo "2027"]
[PlyCount "92"]
[EventDate "2015.09.04"]

1. e4 Nf6 2. Nc3 d5 3. e5 d4 4. exf6 dxc3 5. fxg7 cxd2+ 6. Qxd2 Qxd2+ 7. Bxd2
Bxg7 8. O-O-O Nc6 9. Bb5 Bd7 10. Nf3 a6 11. Bc4 b5 12. Bd5 e6 13. Be4 h6 14.
Bf4 f5 15. Rxd7 fxe4 16. Rxc7 O-O 17. Bd6 Rfc8 18. Rxc8+ Rxc8 19. Nd2 Nd4 20.
c3 e3 21. fxe3 Nf5 22. Bf4 b4 23. c4 e5 24. e4 Nd6 25. Bg3 Nxc4 26. Nxc4 Rxc4+
27. Kb1 Rxe4 28. Re1 Rd4 29. Re2 Kf7 30. Kc2 Ke6 31. Be1 Bf8 32. Kb3 Kd5 33. h3
Re4 34. Rd2+ Rd4 35. Kc2 Rxd2+ 36. Bxd2 Ke4 37. b3 h5 38. Bg5 Kf5 39. Be3 Ke4
40. Kd2 Be7 41. Ke2 Bd6 42. Bd2 Be7 43. g4 hxg4 44. hxg4 Bc5 45. Bg5 Bd6 46.
Be3 Be7 1/2-1/2

[Event "II liga SSCS 2015- zapad"]
[Site "Ravni Gaj"]
[Date "2015.10.09"]
[Round "8.5"]
[White "Kozaicevski, Fedja"]
[Black "Gajic, Aleksandar"]
[Result "1/2-1/2"]
[WhiteElo "1965"]
[BlackElo "1701"]
[PlyCount "77"]
[EventDate "2015.09.04"]

1. e4 c6 2. d4 d5 3. e5 Bf5 4. h4 h5 5. Bd3 Bxd3 6. Qxd3 e6 7. Nf3 c5 8. Be3
Nc6 9. dxc5 Qc7 10. Nc3 a6 11. O-O-O Qa5 12. a3 Nh6 13. Ne2 Ng4 14. b4 Qc7 15.
Qc3 g6 16. Ned4 Bg7 17. Nxc6 bxc6 18. Bd4 O-O 19. Rde1 a5 20. Nh2 Nh6 21. f3
axb4 22. axb4 Nf5 23. g4 Nxd4 24. Qxd4 f6 25. f4 fxe5 26. fxe5 Rf7 27. gxh5
gxh5 28. Nf1 Raf8 29. Ng3 Rf4 30. Qb2 Qf7 31. Ref1 Qg6 32. Rxf4 Rxf4 33. Ne2
Rf2 34. Re1 Qe4 35. Kd1 Bxe5 36. Qa2 Qxb4 37. Qa8+ Qb8 38. Qxb8+ Bxb8 39. Nd4
1/2-1/2

[Event "II liga SSCS 2015- zapad"]
[Site "Ravni Gaj"]
[Date "2015.10.09"]
[Round "8.6"]
[White "Jesic, Dusan"]
[Black "Biljanic, Ljubomir"]
[Result "0-1"]
[WhiteElo "2368"]
[BlackElo "2230"]
[PlyCount "84"]
[EventDate "2015.09.04"]

1. d4 Nf6 2. c4 e6 3. Nc3 Bb4 4. e3 b6 5. Bd3 Bxc3+ 6. bxc3 d6 7. Qf3 c6 8. e4
e5 9. Ne2 Bg4 10. Qe3 Bxe2 11. Qxe2 Nbd7 12. O-O c5 13. d5 Nf8 14. g3 h5 15. h4
N8h7 16. Kg2 Qd7 17. Rh1 Ke7 18. f3 Rag8 19. Be3 g5 20. Kf2 Rg7 21. Qc2 gxh4
22. gxh4 Rhg8 23. Bf1 Rg3 24. Qd1 Ke8 25. a4 Nxe4+ 26. fxe4 Nf6 27. Qd3 Qg4 28.
Be2 Nxe4+ 29. Ke1 Qg6 30. a5 b5 31. Rb1 a6 32. cxb5 c4 33. Qxc4 Rxe3 34. bxa6
Qg3+ 35. Kd1 Nxc3+ 36. Kc1 Nxe2+ 37. Kd2 Rc3 38. Qxe2 Rg4 39. Rb8+ Ke7 40. Rb7+
Kf8 41. Rb8+ Kg7 42. Qxg4+ hxg4 0-1

[Event "II liga SSCS 2015- zapad"]
[Site "Ravni Gaj"]
[Date "2015.10.09"]
[Round "8.6"]
[White "Misojcic, Miroslav"]
[Black "Rajevic, Gavrilo"]
[Result "1-0"]
[WhiteElo "2225"]
[BlackElo "2264"]
[PlyCount "95"]
[EventDate "2015.09.04"]

1. d4 Nf6 2. c4 g6 3. Nf3 Bg7 4. g3 O-O 5. Bg2 d6 6. Nc3 c5 7. d5 Na6 8. O-O
Nc7 9. Re1 Rb8 10. a4 b6 11. e4 a6 12. Bf1 e5 13. dxe6 Nxe6 14. h3 Bb7 15. Bd3
Re8 16. Bd2 Nd7 17. Rb1 Nd4 18. Nxd4 cxd4 19. Nd5 Nc5 20. Qc2 Qd7 21. b4 Nxa4
22. Ra1 Nc3 23. Nxc3 dxc3 24. Bxc3 Qxh3 25. Bxg7 Kxg7 26. Qc3+ Kg8 27. Bf1 Qg4
28. Bg2 Qd7 29. Qd4 Qc6 30. Red1 Rbd8 31. f3 Re7 32. Rd2 Rc7 33. Rc1 a5 34.
bxa5 bxa5 35. e5 Rcd7 36. f4 dxe5 37. Bxc6 exd4 38. Bxd7 Rxd7 39. Ra1 d3 40.
Rxa5 Be4 41. Kf2 f5 42. Ke3 Kf7 43. Raa2 Ke6 44. Ra6+ Rd6 45. Rxd6+ Kxd6 46.
Kd4 h6 47. c5+ Kc6 48. Ra2 1-0

[Event "II liga SSCS 2015- zapad"]
[Site "Ravni Gaj"]
[Date "2015.10.09"]
[Round "8.6"]
[White "Adzic, Momcilo"]
[Black "Milinkovic, Nikola"]
[Result "1/2-1/2"]
[WhiteElo "2232"]
[BlackElo "1923"]
[PlyCount "97"]
[EventDate "2015.09.04"]

1. e4 c5 2. Nf3 d6 3. Bb5+ Bd7 4. Bxd7+ Qxd7 5. O-O Nc6 6. d4 cxd4 7. Nxd4 Nf6
8. Nc3 g6 9. Nd5 Bg7 10. Nxf6+ Bxf6 11. c3 O-O 12. Nxc6 Qxc6 13. Qd3 Rfd8 14.
Rd1 Rac8 15. Be3 a6 16. Bd4 Bxd4 17. Qxd4 e6 18. Rd3 d5 19. e5 Qc4 20. Qe3 Rd7
21. b3 Qc5 22. Qf4 Rdc7 23. Rad1 Qf8 24. Qd4 Qc5 25. Qf4 Qf8 26. Rc1 b5 27. h4
h5 28. g4 hxg4 29. h5 gxh5 30. Qg5+ Qg7 31. Qxh5 Qg6 32. Qxg6+ fxg6 33. a3 a5
34. Kg2 Kf7 35. Kg3 d4 36. c4 bxc4 37. Rxc4 Rxc4 38. bxc4 Rxc4 39. Kxg4 Kg7 40.
Kf4 Kf7 41. Ke4 Ra4 42. f4 Ke7 43. Rb3 d3+ 44. Ke3 d2 45. Rb7+ Ke8 46. Kxd2
Rxf4 47. Rg7 Rf5 48. Rxg6 Rxe5 49. Rg7 1/2-1/2

[Event "II liga SSCS 2015- zapad"]
[Site "Ravni Gaj"]
[Date "2015.10.09"]
[Round "8.6"]
[White "Urosevic, Zoran"]
[Black "Dikic, Veljko"]
[Result "1/2-1/2"]
[WhiteElo "2211"]
[BlackElo "1959"]
[PlyCount "56"]
[EventDate "2015.09.04"]

1. Nf3 d5 2. c4 c6 3. e3 Nf6 4. d4 Bg4 5. Nbd2 e6 6. Qc2 Bd6 7. Bd3 Nbd7 8. O-O
O-O 9. h3 Bxf3 10. Nxf3 Qe7 11. b3 dxc4 12. Bxc4 e5 13. Bb2 e4 14. Nh2 Nd5 15.
Bxd5 cxd5 16. g3 f5 17. Qe2 a6 18. f4 Rac8 19. Rfc1 Nb8 20. Qd2 Bb4 21. Qd1 Ba3
22. Rxc8 Rxc8 23. Rc1 Rc6 24. Bxa3 Qxa3 25. Rc2 Qd6 26. Nf1 Rxc2 27. Qxc2 Qc6
28. Qd2 Qb5 1/2-1/2